• 首页
  • 本馆介绍
  • 公告通知
  • 最新文献
  • 馆藏检索
  • 电子资源
  • 读者导购
  • 参考咨询
  • 我的图书馆
  • 登录
  • 详细信息显示
  • 放入我的书架
  • 预约/预借图书
  • 作者相关作品
  • 分类相关作品
  • 丛书相关作品
  • 出版社相关作品

书目信息

  • 表格格式
  • 工作单格式
  • 卡片格式
题名:
天津租界史
    
 
作者: 雷穆森 著 ;许逸凡 , 赵地 译
分册:  
出版信息: 天津   天津人民出版社  2009
页数: 337页
开本: 23cm
丛书名: 天津通史编译丛书
单 册:
中图分类: D829.12 , K292.1
科图分类:
主题词: 租界--天津市--史料
电子资源:
ISBN: 978-7-201-06088-0
000 01255nam0 2200349 450
000 01218nam0 2200337 450
000 01275oam2 2200337 450
001 004024850
005 20150323081122.40
010    @a978-7-201-06088-0@dCNY62.00
100    @a20081223d2009 em y0chiy50 ea
101 0  @achi
102    @aCN@b120000
105    @aa z 000yy
106    @ar
200 1  @a天津租界史@9tian jin zu jie shi@e插图本@f(英)雷穆森(O. D. Rasmussen)著@g许逸凡,赵地译
210    @a天津@c天津人民出版社@d2009
215    @a337页@c照片,图(80页)@d23cm
225 2  @a天津通史编译丛书
327 1  @a天津插图本史纲@a天津的成长
330    @a本书是由有关天津租界历史的两部著作合编而成。讲述了天津各国租界从设立起直至民国时期所发生的最有影响、最有趣的种种事件,通过对各国租界发展状况的阐述,具体细致地描绘了这个近代化的历史进程。
461  0 @12001 @a天津通史编译丛书
606 0  @a租界@y天津市@j史料
607    @a天津市@x地方史@j史料
690    @aD829.12@v4
690    @aK292.1@v4
701  0 @c(英)@a雷穆森@9lei mu sen@c(Rasmussen, O. D)@4著
702  0 @a许逸凡@9xu yi fan@4译
702  0 @a赵地@9zhao di@4译
801  0 @aCN@b91MARC@c20130904
905    @b0847809@dD829.12@e139@f1
    
    天津租界史:插图本/(英)雷穆森(O. D. Rasmussen)著/许逸凡,赵地译.-天津:天津人民出版社,2009
    337页:照片,图(80页);23cm.-(天津通史编译丛书)
    
    部分内容:天津插图本史纲;天津的成长
    ISBN 978-7-201-06088-0:CNY62.00
    本书是由有关天津租界历史的两部著作合编而成。讲述了天津各国租界从设立起直至民国时期所发生的最有影响、最有趣的种种事件,通过对各国租界发展状况的阐述,具体细致地描绘了这个近代化的历史进程。
●
相关链接 在E读中查询图书 在五车中查询图书 在当当中查询图书 在豆瓣中查询图书


正题名:天津租界史     索取号:D829.12/139         预约/预借

序号 登录号 条形码 馆藏地/架位号 状态 备注
1 0847809   208478093   地方文献典藏中心/ [索取号:D829.12/139] 在馆    
唐山师范学院图书馆 欢迎您!
大连网信软件有限公司© 版权所有